Who'll pay for putting it right? (Record no. 72259)

MARC details
000 -LEADER
fixed length control field 01204cam a2200205 4500
001 - CONTROL NUMBER
control field ##ABS66450
008 - FIXED-LENGTH DATA ELEMENTS--GENERAL INFORMATION
fixed length control field 030307n2003 000 0 eng u
035 ## - SYSTEM CONTROL NUMBER
System control number (Sirsi) u121562
041 0# - LANGUAGE CODE
Language code of text/sound track or separate title eng
100 1# - MAIN ENTRY--PERSONAL NAME
Personal name Shaw, E.
245 00 - TITLE STATEMENT
Title Who'll pay for putting it right?
260 ## - PUBLICATION, DISTRIBUTION, ETC.
Date of publication, distribution, etc. 2003
490 #0 - SERIES STATEMENT
Series statement Estates Gazette
Volume/sequential designation (0306) 8 February 2003, 137(1)
520 ## - SUMMARY, ETC.
Summary, etc. Discusses "Dilapidations: guidance note" (ISBN 184219075X) which has been produced to reflect changes in dilapidations procedure resulting from the application of the new Civil Procedure Rules. Debate has developed from the change of emphasis that the schedule of dilapidations is no longer a negotiating document but insteadreflects the landlord's claim and the actual level of loss he suffers as the result of breaches of covenant. Warns that the guidance note refers to situations where the issue of diminution of value is not clear. However, these valuation cases seldom come to litigation and should not interfere with dilapidations dealings.
590 ## - LOCAL NOTE (RLIN)
Local note ABS
650 24 - SUBJECT ADDED ENTRY--TOPICAL TERM
Topical term or geographic name entry element CIVIL PROCEDURE RULES
650 24 - SUBJECT ADDED ENTRY--TOPICAL TERM
Topical term or geographic name entry element DILAPIDATIONS GUIDANCE NOTE
690 ## - LOCAL SUBJECT ADDED ENTRY--TOPICAL TERM (OCLC, RLIN)
Topical term or geographic name as entry element PROPERTY-LEASEHOLD PROPERTY-LANDLORD AND TENANT-DILAPIDATIONS
942 ## - ADDED ENTRY ELEMENTS (KOHA)
Suppress in OPAC 0
Holdings
Withdrawn status Lost status Source of classification or shelving scheme Damaged status Not for loan Home library Current library Shelving location Date acquired Total Checkouts Full call number Barcode Date last seen Copy number Price effective from Koha item type
    Dewey Decimal Classification     London London Journal article 07/03/2003   ABS66450 121562-1001 06/08/2019 1 06/08/2019 Journal article